| 000 | 00684nam a2200217 a 4500 | ||
|---|---|---|---|
| 005 | 20230221063609.0 | ||
| 008 | 020904s1998 mx r 000 0 spa d | ||
| 020 | _a8487767869 | ||
| 035 | _aUPN01000118899 | ||
| 049 | _aCG | ||
| 050 | 4 |
_aLB1067 _bL5.6 |
|
| 100 | 1 | _aLLorca Llinares, Miguel | |
| 245 | 1 | 0 |
_aPsicomotricidad y globalización del currículum de educación infantil / _cMiguel Llorca Llinares, Ana Vega Navarro. |
| 260 |
_aMálaga, Esp. : _bAljibe, _cc1998. |
||
| 300 |
_a115 p. : _bil. |
||
| 440 | 0 | _aBiblioteca de educación | |
| 650 | 7 |
_aPsicomotricidad _2 _95010 |
|
| 650 | 2 |
_aDesarrollo curricular _9405 |
|
| 700 | 1 |
_aVega Navarro, Ana, _ecoaut. |
|
| 905 | _aLibro | ||
| 999 |
_c91262 _d91262 |
||